| 000 | 00779cab a2200181 4500 | ||
|---|---|---|---|
| 001 | ##L132690 | ||
| 008 | 060228n2006 000 0 eng u | ||
| 035 | _a(Sirsi) u132690 | ||
| 041 | 0 | _aeng | |
| 100 | 1 | _aSteer, Richard | |
| 245 | 0 | 0 | _aTaking power |
| 260 | _c2006 | ||
| 490 | 0 |
_aBuilding _v271(8419) 24 February 2006, 37(1) |
|
| 520 | _aArgues that if a new generation of nuclear power stations is to be built, the construction industry needs to develop a strategy to meet the needs of the building programme; if this is not done, then there is a real possibility that much of the work will go to foreign companies with proven experience in the sector. | ||
| 590 | _aIKA280206 | ||
| 690 | _aBUILT ENVIRONMENT-CONSTRUCTION MANAGEMENT-CONSTRUCTION PLANNING | ||
| 942 | _n0 | ||
| 999 |
_c76558 _d76558 |
||